El collar del tiempo

Saved in:
書目詳細資料
主要作者: Fernández Galar, Alberto (Author)
格式: 圖書
語言:西班牙语
出版: Madrid Nacional 1952
主題:
標簽: 添加標簽
沒有標簽, 成為第一個標記此記錄!

MARC

LEADER 00000nam a2200000 a 4500
001 UCQ5240
003 CL-VaPUC
008 980925e19520000SP |||||||||||||||||spa|d
082 0 4 |a 864  |b FER  |2 21 
100 0 |a Fernández Galar, Alberto  |e author  |9 419393 
245 1 3 |a El collar del tiempo 
300 |a 227 p 
942 |c BK 
945 |d 19980925 00:00:00  |a crobeson 
260 |a Madrid  |b Nacional  |c 1952 
650 0 |a Ensayos españoles  |9 313128 
650 0 |a Literatura española  |9 306261 
583 |a last modification  |c 19980925 00:00:00  |k Rodrigo Vera 
999 |c 275455  |d 275453 
952 |0 0  |1 0  |4 0  |6 864_000000000000000_FER_1952  |7 0  |8 A  |9 312198  |a BIBEDU  |b BIBEDU  |d 2019-11-20  |i 1469460  |o 864 FER 1952  |p 1469460  |r 2019-11-20  |w 2019-11-20  |y BK  |k LIT